| Tag |
First Indicator |
Second Indicator |
Subfields |
| LEADER |
00000cam a2200000Mi 4500 |
| 001 |
in00004115708 |
| 005 |
20200420143716.0 |
| 006 |
m o d |
| 007 |
cr cnu---unuuu |
| 008 |
161119s2017 enk o 000 0 eng d |
| 020 |
|
|
|a 9781317496014
|q electronic book
|
| 020 |
|
|
|a 1317496019
|q electronic book
|
| 024 |
8 |
|
|a 99983490183
|
| 035 |
|
|
|a (NhCcYBP)ybp13261940
|
| 040 |
|
|
|a NhCcYBP
|c NhCcYBP
|d UtOrBLW
|
| 050 |
|
4 |
|a BF449
|b .R63 2017
|
| 082 |
0 |
4 |
|a 153.4/3
|2 23
|
| 100 |
1 |
|
|a Robertson, S. Ian,
|d 1951-
|e author.
|0 http://id.loc.gov/authorities/names/n98094420
|
| 245 |
1 |
0 |
|a Problem solving :
|b perspectives from cognition and neuroscience /
|c S. Ian Robertson.
|
| 250 |
|
|
|a Second edition.
|
| 264 |
|
1 |
|a London ;
|a New York :
|b Routledge, Taylor and Francis Group,
|c 2017.
|
| 300 |
|
|
|a 1 online resource.
|
| 336 |
|
|
|a text
|b txt
|2 rdacontent
|
| 337 |
|
|
|a computer
|b c
|2 rdamedia
|
| 338 |
|
|
|a online resource
|b cr
|2 rdacarrier
|
| 500 |
|
|
|a Description based upon print version of record.
|
| 505 |
0 |
|
|a Cover; Title; Copyright; Dedication; Contents; Preface; 1 What is involved in problem solving; What exactly is a problem?; Where do problems come from?; "Natural" and "unnatural" problems; What's involved in solving problems?; Approaches to the study of problem solving; Categorising problems; Summary; References; 2 Problem representation; Representations and processes; Analysing well-defined problems; The interaction of the problem solver and the task environment; Heuristic search strategies; Summary; References; 3 Transfer; Negative transfer -- mental set; Mechanisms of knowledge transfer
|
| 505 |
8 |
|
|a Transfer in well-defined problemsStudies of analogical problem solving; Cognitive processes in analogical problem solving; Types of similarity; When relational structures are ignored; Summary; References; 4 Worked examples and instructional design; Difficulties facing textbook writers; The role of examples in textbooks; The processes involved in textbook problem solving; Understanding problems revisited; Approaches to the design of instruction; Conclusion; Summary; References; 5 Developing skill; Induction; Schema development and the effects of automatisation; Cognitive architectures
|
| 505 |
8 |
|
|a Potential criticisms of cognitive modelsSummary; References; 6 Developing expertise; Stage models of expertise; The intermediate effect; What distinguishes experts and novices; Are experts smarter? Are there differences in abilities?; Is expertise due to talent or deliberate practice?; Does expertise cross domains?; Cognitive processes in expertise; Flexibility in thinking; Some potential side effects of expertise . . .; Summary; References; 7 Insight; Insight problems; Gestalt accounts of problem solving; Information processing approaches to insight; Classifying insight problems
|
| 505 |
8 |
|
|a Insight as something specialInsight as "business as usual"; Representational change theory (redistribution theory); Summary; References; 8 Creative problem solving; Breaking free of self-imposed constraints; Creative individuals; Theories of creativity: generation, evaluation and selection; CoRT; Synectics; Creative Problem Solving (CPS) -- Osborn-Parnes; Summary; References; 9 The neuroscience of problem solving; Methods used in studying brain functions; Arithmetic in the brain; Stages in problem solving; Neurological processes in analogical reasoning; Neurocomputational models
|
| 505 |
8 |
|
|a Designing instruction -- what can studies of the brain tell us?Neurological aspects of insight and creativity; Summary; References; 10 Conclusion; Problems, problems; References; Index
|
| 588 |
|
|
|a Description based on online resource; title from digital title page (viewed on December 07, 2016).
|
| 500 |
|
|
|a Electronic resource.
|
| 650 |
|
0 |
|a Problem solving.
|0 http://id.loc.gov/authorities/subjects/sh85107109
|
| 655 |
|
7 |
|a Electronic books.
|2 local
|
| 710 |
2 |
|
|a EBSCOhost.
|
| 776 |
1 |
8 |
|i Print version:
|a Robertson, S. Ian
|t Problem Solving : Perspectives from Cognition and Neuroscience
|d London : Taylor and Francis,c2016
|z 9781138889569
|
| 856 |
4 |
0 |
|u http://proxy.library.tamu.edu/login?url=http://search.ebscohost.com/login.aspx?direct=true&scope=site&db=nlebk&db=nlabk&AN=1417454
|z Connect to the full text of this electronic book
|t 0
|
| 955 |
|
|
|a YBP purchased EBSCO DDA e-records
|
| 999 |
f |
f |
|s 19182373-05b6-3905-b375-f51d82a76127
|i 49bc6406-e199-305d-b964-1e70a5571820
|t 0
|
| 952 |
f |
f |
|a Texas A&M University
|b College Station
|c Electronic Resources
|d Available Online
|t 0
|e BF449 .R63 2017
|h Library of Congress classification
|
| 998 |
f |
f |
|a BF449 .R63 2017
|t 0
|l Available Online
|